[Event "Gatineau Hull CC 29 Ann-B"]
[Site "Gatineau"]
[Date "2008.09.16"]
[Round "2"]
[White "Rainey, Ivan"]
[Black "Sunatori, Evelyne"]
[Result "1-0"]
[WhiteElo "1299"]
[BlackElo "1170"]
[PlyCount "69"]
[EventDate "2008.09.09"]
[EventType "swiss"]
[EventRounds "5"]
[EventCountry "CAN"]
[SourceTitle "EXT 2022"]
[Source "ChessBase"]
[SourceDate "2021.10.06"]
[SourceVersion "1"]
[SourceVersionDate "2021.10.06"]
[SourceQuality "1"]

1. e4 e5 2. Nf3 Nc6 3. Bb5 a6 4. Ba4 Nf6 5. 0-0 b5 6. Bb3 Bc5 7. Re1 0-0 8. c3 Re8 9. d3 d5 10. exd5 Nxd5 11. Ng5 h6 12. Nxf7 Kxf7 13. Qf3+ Ke6 14. d4 Bxd4 15. cxd4 Nxd4 16. Qe4 Nc6 17. Qg6+ Kd7 18. Bxd5 Qf6 19. Bxc6+ Qxc6 20. Rd1+ Qd6 21. Rxd6+ cxd6 22. Qxg7+ Re7 23. Qxh6 Bb7 24. Be3 Rg8 25. g3 Rge8 26. Nc3 d5 27. Bc5 Re6 28. Qh7+ Kc6 29. b4 d4 30. Ne4 Rd8 31. Rc1 Bc8 32. Be7+ Kd7 33. Bf6+ Ke8 34. Qg8+ Kd7 35. Qxd8# 1-0

[Event "Gatineau Monarque Noir 2nd"]
[Site "Gatineau"]
[Date "2008.02.26"]
[Round "7"]
[White "Sunatori, Evelyne"]
[Black "Jani, Louis"]
[Result "0-1"]
[WhiteElo "1151"]
[BlackElo "1460"]
[PlyCount "102"]
[EventDate "2008.01.15"]
[EventType "swiss"]
[EventRounds "7"]
[EventCountry "CAN"]
[SourceTitle "EXT 2011"]
[Source "ChessBase"]
[SourceDate "2010.11.26"]
[SourceVersion "1"]
[SourceVersionDate "2010.11.26"]
[SourceQuality "1"]

1. e4 c5 2. Nc3 d6 3. Nf3 a6 4. Bc4 Nc6 5. d4 cxd4 6. Nxd4 Nf6 7. Bb3 e6 8. Nxc6 bxc6 9. Bg5 Be7 10. Bxf6 Bxf6 11. Ba4 Qb6 12. Rb1 0-0 13. Qxd6 Bxc3+ 14. Ke2 Bb4 15. Qxc6 Qxc6 16. Bxc6 Rb8 17. Rhd1 a5 18. Kf3 Ba6 19. c3 Be7 20. a3 Rfd8 21. Rd7 Rxd7 22. Bxd7 Rd8 23. Rd1 Bb5 24. b4 Rxd7 25. Rxd7 Bxd7 26. Ke2 Bb5+ 27. Kd2 Bg5+ 28. Kc2 Ba4+ 29. Kd3 axb4 30. axb4 Bc6 31. f3 f5 32. g3 Kf8 33. Kd4 fxe4 34. fxe4 Bf6+ 35. e5 Bg5 36. c4 Bc1 37. Kc5 Ba8 38. b5 Ke7 39. b6 Kd7 40. h4 Bb2 41. Kb5 Bxe5 42. c5 Bb7 43. g4 Bg3 44. h5 e5 45. Kc4 Bf2 46. g5 e4 47. h6 g6 48. Kc3 Be3 49. Kc2 Bxg5 50. Kd1 Bxh6 51. Ke2 Bg7 0-1

[Event "Gatineau Roger Roy Memorial"]
[Site "Gatineau"]
[Date "2007.10.30"]
[Round "3"]
[White "Lemieux, Richard"]
[Black "Sunatori, Evelyne"]
[Result "1-0"]
[WhiteElo "1533"]
[BlackElo "1128"]
[PlyCount "103"]
[EventDate "2007.10.16"]
[EventType "swiss"]
[EventRounds "5"]
[EventCountry "CAN"]
[SourceTitle "EXT 2022"]
[Source "ChessBase"]
[SourceDate "2021.10.06"]
[SourceVersion "1"]
[SourceVersionDate "2021.10.06"]
[SourceQuality "1"]

1. e4 e5 2. Nf3 Nc6 3. Bb5 Bd6 4. d4 a6 5. Bxc6 bxc6 6. dxe5 Bb4+ 7. c3 Bc5 8. b4 Bb6 9. c4 c5 10. a3 cxb4 11. axb4 c5 12. Qd6 cxb4 13. Qxb4 Ne7 14. Bg5 Bc7 15. Nc3 Rb8 16. Qa3 Bb7 17. Nd5 Bxd5 18. exd5 d6 19. exd6 Bxd6 20. c5 f6 21. Bxf6 gxf6 22. cxd6 Nxd5 23. Rd1 Nb6 24. Qxa6 Ra8 25. Qb5+ Nd7 26. Qh5+ Kf8 27. 0-0 Ra5 28. Rd5 Rxd5 29. Qxd5 Nb6 30. Qe6 Kg7 31. Re1 Qd7 32. Qxd7+ Nxd7 33. Re7+ Kg6 34. Rxd7 Rb8 35. h3 Kf5 36. Re7 Rd8 37. d7 Kg6 38. Nd4 f5 39. Nc6 Ra8 40. d8Q Rxd8 41. Nxd8 h5 42. h4 Kf6 43. Re6+ Kg7 44. Kh2 f4 45. g3 fxg3+ 46. fxg3 Kh7 47. Kh3 Kg7 48. g4 hxg4+ 49. Kxg4 Kg8 50. Kg5 Kf8 51. Kg6 Kg8 52. Re8# 1-0

[Event "Gatineau Hull CC 28 Ann-B"]
[Site "Gatineau"]
[Date "2007.10.09"]
[Round "5"]
[White "MacIsaac, Alexandre"]
[Black "Sunatori, Evelyne"]
[Result "0-1"]
[WhiteElo "1468"]
[BlackElo "1105"]
[PlyCount "143"]
[EventDate "2007.09.11"]
[EventType "swiss"]
[EventRounds "5"]
[EventCountry "CAN"]
[SourceTitle "EXT 2022"]
[Source "ChessBase"]
[SourceDate "2021.10.06"]
[SourceVersion "1"]
[SourceVersionDate "2021.10.06"]
[SourceQuality "1"]

1. e4 e5 2. Nf3 Nc6 3. Bc4 Nf6 4. Ng5 d5 5. exd5 Nxd5 6. Nxf7 Kxf7 7. Qf3+ Ke6 8. Nc3 Ncb4 9. Qg4+ Ke7 10. Qg5+ Nf6 11. Qxe5+ Kd7 12. Be6+ Ke8 13. Bxc8+ Qe7 14. Qxe7+ Bxe7 15. Bf5 Rf8 16. a3 Nc6 17. 0-0 g6 18. Bh3 h5 19. d3 Bc5 20. Re1+ Kd8 21. Bg5 Ne7 22. Bxf6 Rxf6 23. Ne4 Rc6 24. Nxc5 Rxc5 25. Re2 Ke8 26. Rae1 Kf8 27. Rxe7 Rxc2 28. g3 Rxb2 29. Rxc7 Re8 30. Rxe8+ Kxe8 31. Bd7+ Kd8 32. Rc3 Kxd7 33. h3 g5 34. Kg2 Ke6 35. Kf3 Kf5 36. Rc5+ Kg6 37. h4 gxh4 38. gxh4 Rd2 39. Ke3 Ra2 40. Ra5 a6 41. d4 Rc2 42. d5 Kf7 43. d6 Ke8 44. Rxh5 Kd7 45. Rh7+ Kxd6 46. Rxb7 Rc3+ 47. Kf4 Rxa3 48. h5 Rh3 49. Kg5 Ke6 50. Kg6 Rh2 51. h6 Rxf2 52. Rb8 Rh2 53. h7 Kd7 54. h8Q Rxh8 55. Rxh8 Kc6 56. Rh5 Kb6 57. Rf5 a5 58. Kg5 a4 59. Kg4 a3 60. Rf3 a2 61. Ra3 a1Q 62. Rxa1 Kb5 63. Rc1 Kb4 64. Kf5 Kb3 65. Ke4 Kb2 66. Rc8 Kb3 67. Kd4 Kb2 68. Kd3 Kb1 69. Kd2 Kb2 70. Rb8+ Ka3 71. Kc2 Ka2 72. Ra8# 0-1

[Event "Outaouais-ch B"]
[Site "Gatineau"]
[Date "2007.05.15"]
[Round "4"]
[White "Maisonneuve, Paul"]
[Black "Sunatori, Evelyne"]
[Result "1-0"]
[WhiteElo "1453"]
[BlackElo "1095"]
[PlyCount "123"]
[EventDate "2007.04.24"]
[EventType "swiss"]
[EventRounds "6"]
[EventCountry "CAN"]
[SourceTitle "EXT 2022"]
[Source "ChessBase"]
[SourceDate "2021.10.06"]
[SourceVersion "1"]
[SourceVersionDate "2021.10.06"]
[SourceQuality "1"]

1. d4 Nc6 2. Bf4 Nf6 3. e3 d6 4. Nf3 Bg4 5. Be2 Bxf3 6. Bxf3 e5 7. Bxc6+ bxc6 8. dxe5 Nd7 9. exd6 cxd6 10. Bxd6 Bxd6 11. Qxd6 c5 12. 0-0 Qb6 13. Qxb6 axb6 14. Nc3 0-0 15. Rfd1 Rfd8 16. Rd6 c4 17. Rad1 Ra7 18. Rxb6 h6 19. Rbd6 Kf8 20. R6d4 Rc7 21. a3 Ke7 22. Na4 Rdc8 23. h3 Nf6 24. Nb6 Rb8 25. Nxc4 Rd7 26. Ne5 Rxd4 27. Rxd4 Rxb2 28. Nc6+ Ke6 29. Nb4 Rb1+ 30. Kh2 Nh5 31. g4 Nf6 32. c4 Nd7 33. Na6 Ra1 34. Rd3 Ne5 35. Rc3 Kd6 36. c5+ Kc6 37. Nb4+ Kb5 38. c6 Nxc6 39. Nxc6 Ra2 40. Kg3 Ka4 41. h4 g6 42. Ne5 f6 43. Nxg6 Rd2 44. Ne7 Rd7 45. Ng8 h5 46. Nxf6 Rb7 47. Nxh5 Rf7 48. g5 Rf8 49. f4 Rh8 50. Nf6 Rf8 51. h5 Rh8 52. h6 Rf8 53. h7 Rd8 54. g6 Rf8 55. g7 Rxf6 56. g8Q Rb6 57. Qa8+ Kb5 58. Rb3+ Kc5 59. Qa5+ Kc6 60. Rxb6+ Kd7 61. Qa7+ Kd8 62. Rb8# 1-0